000 00425nam a2200133Ia 4500
008 100328s9999 xx 000 0 und d
082 _b50512
100 _aदिक्षित द.ना.
245 _aअलौकिक श्रीधर
260 _bप्रकाश देशपांडे
630 _aअलौकिक श्रीधर
730 _aअलौकिक श्रीधर
942 _cBOOK
999 _c537634
_d537631